000 00663nam a2200193 a 4500
008 060316s1988 ||||||||||||||||| || u
020 _a0256058342
050 _aTS 155 Sch
100 _aSchonberger, Richard J
245 1 0 _aOperations management : serving the customer. (3rd ed.)
250 _a3rd ed.
260 _aPlano
_bBusiness Publications
_c1988
300 _axv, 922 p. : ill.
350 _a0.00
500 _aIncludes bibliographies
650 0 _aPRODUCTION MANAGEMENT
700 _aKnod, Edward M
995 _D0.00
_FCBU-MAIN LIBRARY (Kitwe)
_H1
_I15.95
_UDAMAGED
_ZMain Library Open Access Collection
999 _c52679
_d52679